| 000 | 01214nam2a2200325 4500 | ||
|---|---|---|---|
| 001 | RU\NLR\DIGIT\508484 | ||
| 005 | 20250806204156.0 | ||
| 035 | _a(NLR Aleph) 010325161 | ||
| 090 |
_a40517 _c40517 |
||
| 100 | _a20250806 rusy50 | ||
| 101 | 0 | _arus | |
| 102 | _aRU | ||
| 135 | _acrgn 008apabr | ||
| 200 | 0 | _a1941, № 41 (2369) (19 февр.) | |
| 210 | _d1941 | ||
| 325 | _aКопия доступна в Электрон. б-ке РНБ http://vivaldi.nlr.ru/pn000133508/view | ||
| 461 | 0 |
_1001RU\NLR\DIGIT\133458 _12001#$aКрасногвардейская правда$v1941, № 41 (2369) (19 февр.) |
|
| 607 |
_aГатчина город _xгазета |
||
| 801 | 2 |
_aRU _bNLR _c20140207 _2rusmarc |
|
| 852 |
_aNLR _bГаз. _jР 1/778 _pС 34636 |
||
| 856 | 0 | _uhttp://vivaldi.nlr.ru/pn000133508/view | |
| 856 | 1 | _uhttp://vivaldi.nlr.ru/pn000133508/cover | |
| 856 | 2 | _uhttp://vivaldi.nlr.ru/pn000133508/text | |
| 942 | _cISSNP | ||
| 945 | _aРоссийская национальная библиотека | ||
| 980 | _aNB | ||
| 980 | _aBV | ||
| 981 | 2 | 7 |
_a(27) Периодические издания _b(27) Газеты |